The new planning system (Record no. 109639)
[ view plain ]
| 000 -LEADER | |
|---|---|
| fixed length control field | 01236cam a22002415a 4500 |
| 001 - CONTROL NUMBER | |
| control field | L147596 |
| 008 - FIXED-LENGTH DATA ELEMENTS--GENERAL INFORMATION | |
| fixed length control field | 090527s2009 xxk f 000 0 eng d |
| 020 ## - INTERNATIONAL STANDARD BOOK NUMBER | |
| International Standard Book Number | 9781842194713 |
| 035 ## - SYSTEM CONTROL NUMBER | |
| System control number | (Sirsi) u147596 |
| 041 0# - LANGUAGE CODE | |
| Language code of text/sound track or separate title | eng |
| 050 04 - LIBRARY OF CONGRESS CALL NUMBER | |
| Classification number | 711.1 $2 18 |
| 100 1# - MAIN ENTRY--PERSONAL NAME | |
| Personal name | Butter, Ian |
| 245 04 - TITLE STATEMENT | |
| Title | The new planning system |
| Remainder of title | questions and answers |
| 260 ## - PUBLICATION, DISTRIBUTION, ETC. | |
| Place of publication, distribution, etc. | Coventry |
| Name of publisher, distributor, etc. | RICS |
| Date of publication, distribution, etc. | 2009 |
| 350 ## - PRICE (NR) (BK AM CF MU VM SE) [OBSOLETE] | |
| Price | 29.99 |
| 520 ## - SUMMARY, ETC. | |
| Summary, etc. | Covers many questions about today's planning world, including: what changes have been made to permitted development rights?; what will happen to Local Plans?; why is the new validation process required?; should I appeal?; what constitutes a "significant effect on the environment"; what are Nationally Significant Infrastructure Projects?; should I CLUED or CLOPUD?; how has the Planning Act 2008 altered the process? what about the future? The questions follow the process from inception to decision and beyond, and the expert advice is supported by quick-reference summaries, digests of key cases and lists of general principles, plus a glossary of key terms. |
| 521 ## - TARGET AUDIENCE NOTE | |
| Target audience note | Advanced |
| 590 ## - LOCAL NOTE (RLIN) | |
| Local note | KA |
| 651 #4 - SUBJECT ADDED ENTRY--GEOGRAPHIC NAME | |
| Geographic name | England and Wales |
| Chronological subdivision | 1543- |
| 690 ## - LOCAL SUBJECT ADDED ENTRY--TOPICAL TERM (OCLC, RLIN) | |
| Topical term or geographic name as entry element | Planning and development |
| 9 (RLIN) | 6259 |
| 942 ## - ADDED ENTRY ELEMENTS (KOHA) | |
| Suppress in OPAC | 0 |
| Withdrawn status | Lost status | Source of classification or shelving scheme | Damaged status | Not for loan | Home library | Current library | Shelving location | Date acquired | Total Checkouts | Full call number | Barcode | Date last seen | Copy number | Price effective from | Koha item type | Date last checked out |
|---|---|---|---|---|---|---|---|---|---|---|---|---|---|---|---|---|
| Dewey Decimal Classification | London | London | RICS Boxes | 17/08/2009 | RICS 2009/26 | 30074966 | 06/08/2019 | 1 | 06/08/2019 | Archive | ||||||
| Dewey Decimal Classification | London | London | Books | 17/08/2009 | 711.1 BUT | 30074970 | 06/08/2019 | 1 | 06/08/2019 | Reference material | ||||||
| Dewey Decimal Classification | London | London | Books | 17/08/2009 | 1 | 711.1 BUT | 30074978 | 06/08/2019 | 3 | 06/08/2019 | Book | 04/09/2009 |